| 000 | 00784nam a2200241 4500 | ||
|---|---|---|---|
| 999 |
_c8419 _d8419 |
||
| 001 | 22127 | ||
| 003 | BD-DhUAP | ||
| 005 | 20240313120705.0 | ||
| 008 | 240313b19882014uk a|||| |||| 001 0beng d | ||
| 020 | _a9780194371391 | ||
| 040 |
_aBD-DhUAP _bEng _cBD-DhUAP _dBD-DhUAP |
||
| 082 |
_222 _a428.0071 NUN |
||
| 100 | _aNunan, David. | ||
| 245 |
_aSyllabus design / _cDavid Nunan |
||
| 250 | _a1st | ||
| 260 |
_aOxford : _bOxford University Press, _c2018 |
||
| 300 |
_ax,169 p. : _bill. ; _c25 cm. |
||
| 440 | _aLanguage teaching, a scheme for teacher education /Editors, C. N. Candlin & H. G. Widdowson. | ||
| 504 | _aIncludes bibliographical references (p.[160]-165) and index. | ||
| 650 |
_aEnglish language _xStudy and teaching |
||
| 650 | _aCurriculum planning. | ||
| 942 |
_2ddc _cBK |
||